BIBLIOTECA PODER JUDICIAL
Portal Judicial TDF

La inteligencia artificial como herramienta de medición del riesgo. Una posible solución al abordaje de cuestiones de género / (Registro nro. 6505)

000 -LEADER
fixed length control field 01575nab a22002657a 4500
003 - CONTROL NUMBER IDENTIFIER
control field OSt
005 - DATE AND TIME OF LATEST TRANSACTION
control field 20260213123320.0
008 - FIXED-LENGTH DATA ELEMENTS--GENERAL INFORMATION
fixed length control field 190429b xxu||||| |||| 00| 0 spa d
040 ## - CATALOGING SOURCE
Transcribing agency PJ
100 ## - MAIN ENTRY--PERSONAL NAME
9 (RLIN) 7114
Personal name Pino, Gabriela Belén
245 13 - TITLE STATEMENT
Title La inteligencia artificial como herramienta de medición del riesgo. Una posible solución al abordaje de cuestiones de género /
Statement of responsibility, etc Gabriela Belén Pino.
260 ## - PUBLICATION, DISTRIBUTION, ETC. (IMPRINT)
Date of publication, distribution, etc Ciudad Autónoma de Buenos Aires :
Place of publication, distribution, etc Thomson Reuters La Ley,
Name of publisher, distributor, etc 2024.
300 ## - PHYSICAL DESCRIPTION
Extent p. 165-178
500 ## - GENERAL NOTE
General note Cita: TR LALEY AR/DOC/1088/2024.
505 ## - FORMATTED CONTENTS NOTE
Formatted contents note Sumario: I. La cruda realidad.— II. La esencia de la Acordada 3964 de la Suprema Corte de Justicia de la Provincia de Buenos Aires.— III. Protocolo de actuación en Argentina.— IV. La falta de información del Ministerio Público Fiscal.— V. La medición del riesgo.— VI. A modo de inspiración: el Protocolo de actuación en España.— VII. Posibles innovaciones para un abordaje de calidad.— VIII. Sistema español Vio- Gén.— IX. Conclusiones.— X. Bibliografía.<br/>
505 ## - FORMATTED CONTENTS NOTE
Title Si te interesa el texto completo, solicitalo a koha@justierradelfuego.gov.ar
650 #0 - SUBJECT ADDED ENTRY--TOPICAL TERM
9 (RLIN) 343
Topical term or geographic name as entry element DERECHO PENAL
650 #0 - SUBJECT ADDED ENTRY--TOPICAL TERM
9 (RLIN) 5817
Topical term or geographic name as entry element INTELIGENCIA ARTIFICIAL
650 #0 - SUBJECT ADDED ENTRY--TOPICAL TERM
9 (RLIN) 3053
Topical term or geographic name as entry element VIOLENCIA DE GÉNERO
650 #0 - SUBJECT ADDED ENTRY--TOPICAL TERM
9 (RLIN) 4044
Topical term or geographic name as entry element PERSPECTIVA DE GÉNERO
650 #0 - SUBJECT ADDED ENTRY--TOPICAL TERM
Topical term or geographic name as entry element VIOLENCIA PSICOLOGICA
650 #0 - SUBJECT ADDED ENTRY--TOPICAL TERM
9 (RLIN) 273
Topical term or geographic name as entry element DERECHO INFORMATICO
773 0# - HOST ITEM ENTRY
Host Biblionumber 2658
Host Itemnumber 3164
Title Revista de derecho penal y criminología. Nº 7 - Junio 2024
Place, publisher, and date of publication Ciudad Autónoma de Buenos Aires : Thomson Reuters La Ley, 2017-
International Standard Serial Number 00347914
942 ## - ADDED ENTRY ELEMENTS (KOHA)
Source of classification or shelving scheme
Koha item type Analítica Artículo de Revista

No hay ítems disponibles.

12 de Octubre 789 Ushuaia - Tel:  54(02901)441571
Horario de Atención: 8.00 a 17.00 hs. 
bibliotecaush@justierradelfuego.gov.ar
koha@justierradelfuego.gov.ar
Seguinos en nuestras redes @bibliojustdf 

Con tecnología Koha